[Event "Voronezh op-A 22nd"]
[Site "Voronezh"]
[Date "2018.06.15"]
[Round "4"]
[White "Davydov, Sergey P"]
[Black "Nazaretyan, Tigran"]
[Result "1-0"]
[WhiteElo "2213"]
[BlackElo "2300"]
[PlyCount "93"]
[EventDate "2018.06.12"]
[EventType "swiss"]
[EventRounds "9"]
[EventCountry "RUS"]
[SourceTitle "CBM 185 Extra"]
[Source "ChessBase"]
[SourceDate "2018.07.29"]
[SourceVersion "1"]
[SourceVersionDate "2018.07.29"]
[SourceQuality "1"]

1. d4 Nf6 2. Nf3 b6 3. g3 Bb7 4. Bg2 g6 5. 0-0 Bg7 6. c4 0-0 7. Nc3 Ne4 8. Nxe4 Bxe4 9. d5 e6 10. Bg5 Bf6 11. Qd2 d6 12. Rad1 a5 13. Qf4 Bxg5 14. Nxg5 Bxg2 15. Kxg2 h6 16. Ne4 Kg7 17. dxe6 fxe6 18. Qe3 Nd7 19. Nc3 Nc5 20. Nb5 Rf7 21. b3 Qf6 22. a3 Qf5 23. Nd4 Qf6 24. b4 axb4 25. axb4 e5 26. Nb5 Ne6 27. Qe4 Ra2 28. Nc3 Rb2 29. Rb1 Rd2 30. Rbd1 Rxd1 31. Nxd1 Ng5 32. Qd3 h5 33. h4 Ne6 34. Ne3 Nd4 35. Nd5 Qe6 36. Qe4 b5 37. cxb5 Nxe2 38. Re1 Nxg3 39. fxg3 Qd7 40. Rc1 Qd8 41. Rf1 Rxf1 42. Kxf1 Qd7 43. Kg2 Kh6 44. Qc4 Qf5 45. Qc1+ Kg7 46. Qxc7+ Kh6 47. Qc4 1-0

[Event "Chigorin Memorial 25th"]
[Site "St Petersburg"]
[Date "2017.10.25"]
[Round "5"]
[White "Davydov, Sergey P"]
[Black "Ovod, Evgenija"]
[Result "0-1"]
[WhiteElo "2207"]
[BlackElo "2379"]
[PlyCount "120"]
[EventDate "2017.10.21"]
[EventType "swiss"]
[EventRounds "9"]
[EventCountry "RUS"]
[SourceTitle "CBM 181 Extra"]
[Source "ChessBase"]
[SourceDate "2017.12.12"]
[SourceVersion "1"]
[SourceVersionDate "2017.12.12"]
[SourceQuality "1"]

1. d4 f5 2. Nf3 Nf6 3. c4 g6 4. Nc3 Bg7 5. g3 d6 6. Bg2 0-0 7. 0-0 Qe8 8. Nd5 Nxd5 9. cxd5 Nd7 10. Ng5 Nb6 11. a4 a5 12. e3 h6 13. Ne6 Bxe6 14. dxe6 d5 15. Qc2 c6 16. b3 Rf6 17. Qc5 Nc8 18. Bd2 b6 19. Qc2 Rxe6 20. Rac1 Rd6 21. f4 e6 22. b4 axb4 23. Bxb4 c5 24. dxc5 bxc5 25. Qxc5 Rda6 26. Qb5 Qxb5 27. axb5 Rb6 28. Rc6 Rxb5 29. Bc5 Bc3 30. Rd1 Kf7 31. Bf1 Rb3 32. Ba6 Ne7 33. Bxe7 Kxe7 34. Bc8 Rxc8 35. Rxc8 Ba5 36. Kf2 Rb2+ 37. Kf3 Rxh2 38. Ra1 Bb4 39. Rb1 Bd6 40. Rh8 e5 41. fxe5 Bxe5 42. Rb7+ Kf6 43. Rb6+ Kg7 44. Ra8 g5 45. Ra7+ Kf8 46. e4 dxe4+ 47. Ke3 Bxg3 48. Ra8+ Kf7 49. Ra7+ Ke8 50. Re6+ Kd8 51. Rh7 Bf4+ 52. Kd4 Rd2+ 53. Kc5 e3 54. Rg6 Rd7 55. Rg8+ Kc7 56. Rxh6 Bd6+ 57. Kb5 Re7 58. Rxg5 e2 59. Rh1 f4 60. Rc1+ Kd7 0-1

[Event "Chigorin Memorial 25th"]
[Site "St Petersburg"]
[Date "2017.10.24"]
[Round "4"]
[White "Pavlov, Mikhail"]
[Black "Davydov, Sergey P"]
[Result "0-1"]
[WhiteElo "1849"]
[BlackElo "2207"]
[PlyCount "56"]
[EventDate "2017.10.21"]
[EventType "swiss"]
[EventRounds "9"]
[EventCountry "RUS"]
[SourceTitle "CBM 181 Extra"]
[Source "ChessBase"]
[SourceDate "2017.12.12"]
[SourceVersion "1"]
[SourceVersionDate "2017.12.12"]
[SourceQuality "1"]

1. e4 e6 2. d4 d5 3. e5 c5 4. c3 Nc6 5. Be3 Nge7 6. Qd2 Nf5 7. Nf3 Qb6 8. Bd3 c4 9. Be2 h5 10. 0-0 Be7 11. h3 h4 12. Na3 Bd7 13. Nc2 Nxe3 14. fxe3 f6 15. exf6 gxf6 16. b3 cxb3 17. axb3 0-0-0 18. c4 Rdg8 19. Rfb1 Qc7 20. b4 Qg3 21. Nce1 e5 22. cxd5 Bxh3 23. Bf1 Bxg2 24. Bxg2 h3 25. dxc6 hxg2 26. cxb7+ Kb8 27. Nxg2 Qxf3 28. d5 Qh3 0-1

[Event "Chigorin Memorial 25th"]
[Site "St Petersburg"]
[Date "2017.10.22"]
[Round "2"]
[White "Dai, Changren"]
[Black "Davydov, Sergey P"]
[Result "1-0"]
[WhiteElo "2425"]
[BlackElo "2207"]
[PlyCount "91"]
[EventDate "2017.10.21"]
[EventType "swiss"]
[EventRounds "9"]
[EventCountry "RUS"]
[SourceTitle "CBM 181 Extra"]
[Source "ChessBase"]
[SourceDate "2017.12.12"]
[SourceVersion "1"]
[SourceVersionDate "2017.12.12"]
[SourceQuality "1"]

1. d4 Nf6 2. c4 c5 3. d5 e5 4. Nc3 d6 5. e4 Be7 6. Bd3 0-0 7. Nge2 Ne8 8. Ng3 a6 9. 0-0 Bg5 10. a3 Nd7 11. Rb1 g6 12. b4 b6 13. Na4 Ng7 14. bxc5 bxc5 15. Qc2 Bxc1 16. Rfxc1 h5 17. f3 h4 18. Nh1 Nh5 19. Nf2 Nf4 20. Bf1 Kg7 21. Rb3 Qa5 22. Nb2 Nf6 23. Nbd3 N4h5 24. Qb2 g5 25. Rb6 Ne8 26. Rb1 Nf4 27. Nxf4 gxf4 28. Rxd6 f6 29. Rc6 Rf7 30. Nd3 Rb7 31. Qa1 Qd2 32. Rxb7+ Bxb7 33. Rb6 Qe3+ 34. Kh1 Bc8 35. Qe1 h3 36. Qxe3 fxe3 37. gxh3 Ra7 38. Nxc5 Kg6 39. Nd3 Kg5 40. c5 a5 41. Rb8 Rc7 42. d6 Rc6 43. Kg1 Kh4 44. Be2 Kxh3 45. f4 Ng7 46. d7 1-0

[Event "Nezhmetdinov Memorial 38th"]
[Site "Kazan"]
[Date "2016.06.07"]
[Round "8"]
[White "Davydov, Sergey P"]
[Black "Garafutdinov, Ainur"]
[Result "1-0"]
[WhiteElo "2266"]
[BlackElo "2044"]
[PlyCount "71"]
[EventDate "2016.05.31"]
[EventType "swiss"]
[EventRounds "9"]
[EventCountry "RUS"]
[SourceTitle "CBM 172 Extra"]
[Source "ChessBase"]
[SourceDate "2016.06.21"]
[SourceVersion "1"]
[SourceVersionDate "2016.06.21"]
[SourceQuality "1"]

1. Nf3 f5 2. b3 Nf6 3. Bb2 e6 4. g3 Be7 5. Bg2 0-0 6. c4 d6 7. d4 c5 8. 0-0 cxd4 9. Nxd4 e5 10. Nc2 Nc6 11. Nc3 e4 12. Ne3 Be6 13. Ned5 Qd7 14. Qd2 Rfd8 15. f3 exf3 16. exf3 Bf7 17. Rad1 Nxd5 18. Nxd5 Bf8 19. Qg5 Bxd5 20. cxd5 Ne5 21. Qd2 Re8 22. Rfe1 Qf7 23. f4 Nd7 24. Bd4 b6 25. b4 Rec8 26. Rc1 Nf6 27. Re6 Ne4 28. Qe1 Qb7 29. Rxc8 Rxc8 30. Bxe4 fxe4 31. Qxe4 Rc1+ 32. Kg2 Qa6 33. Kh3 Qxa2 34. Re7 Rh1 35. Qe6+ Kh8 36. Bxg7+ 1-0

[Event "Nezhmetdinov Memorial 38th"]
[Site "Kazan"]
[Date "2016.06.03"]
[Round "4"]
[White "Davydov, Sergey P"]
[Black "Tishova, Svetlana"]
[Result "1/2-1/2"]
[WhiteElo "2266"]
[BlackElo "1946"]
[PlyCount "109"]
[EventDate "2016.05.31"]
[EventType "swiss"]
[EventRounds "9"]
[EventCountry "RUS"]
[SourceTitle "CBM 172 Extra"]
[Source "ChessBase"]
[SourceDate "2016.06.21"]
[SourceVersion "1"]
[SourceVersionDate "2016.06.21"]
[SourceQuality "1"]

1. d4 Nf6 2. Nf3 e6 3. c4 d5 4. Nc3 dxc4 5. e3 a6 6. a4 c5 7. Bxc4 Nc6 8. 0-0 Be7 9. h3 0-0 10. dxc5 Bxc5 11. Qe2 e5 12. Rd1 Qe7 13. e4 Nd4 14. Nxd4 Bxd4 15. Bg5 Be6 16. Nd5 Bxd5 17. Bxd5 h6 18. Bxf6 Qxf6 19. Ra3 Qe7 20. Rb3 Rab8 21. Rc1 Qd7 22. Rc4 Rfc8 23. Rf3 Rxc4 24. Qxc4 Rf8 25. b3 g6 26. a5 Qe7 27. g4 Kg7 28. b4 Qd7 29. Kg2 f6 30. Be6 Qd6 31. Rb3 Re8 32. Bd5 Re7 33. b5 Rc7 34. Qd3 f5 35. gxf5 gxf5 36. Qg3+ Qg6 37. exf5 Qxg3+ 38. fxg3 Kf6 39. Be4 h5 40. h4 Ke7 41. Kf3 Kf6 42. Ke2 Rg7 43. Kf3 Rc7 44. g4 hxg4+ 45. Kxg4 Rg7+ 46. Kh3 Rh7 47. bxa6 bxa6 48. Rf3 Rc7 49. Bd3 Bc3 50. Rg3 Rg7 51. Rg6+ Rxg6 52. fxg6 Bxa5 53. h5 Bd2 54. Bxa6 Bc1 55. Kg4 1/2-1/2

[Event "Chigorin Memorial 22nd"]
[Site "St Petersburg"]
[Date "2014.10.20"]
[Round "3"]
[White "Davydov, Sergey P"]
[Black "Ponomarev, Dmitry"]
[Result "0-1"]
[WhiteElo "2228"]
[BlackElo "2413"]
[PlyCount "109"]
[EventDate "2014.10.18"]
[EventType "swiss"]
[EventRounds "9"]
[EventCountry "RUS"]
[SourceTitle "EXT 2015"]
[Source "ChessBase"]
[SourceDate "2014.11.20"]
[SourceVersion "1"]
[SourceVersionDate "2014.11.20"]
[SourceQuality "1"]

1. Nf3 d6 2. d4 Bg4 3. e4 Nf6 4. Nc3 e6 5. Be3 Be7 6. h3 Bh5 7. Bd3 d5 8. exd5 Nxd5 9. Nxd5 Qxd5 10. Be2 Nc6 11. 0-0 0-0 12. c3 a5 13. Bf4 Bd6 14. Bxd6 cxd6 15. a4 Ne7 16. Nd2 Bxe2 17. Qxe2 Rfc8 18. Ra3 Qc6 19. Rb3 Rab8 20. Rb5 b6 21. Re1 d5 22. g4 Rf8 23. Nf3 Nc8 24. Ra1 Nd6 25. Rb3 Rfe8 26. Ne5 Qc7 27. Rc1 f6 28. Nd3 e5 29. dxe5 fxe5 30. Rd1 Nc4 31. Ne1 e4 32. Rb5 e3 33. Rbxd5 exf2+ 34. Qxf2 Ne3 35. Rd7 Qe5 36. R1d3 Nxg4 37. hxg4 Qxe1+ 38. Qxe1 Rxe1+ 39. Kf2 Rb1 40. Rd8+ Rxd8 41. Rxd8+ Kf7 42. Rd2 Ke6 43. Kf3 Ra1 44. Re2+ Kf6 45. Rd2 Ke6 46. Re2+ Kd6 47. Re4 Ra2 48. Rd4+ Kc6 49. Rc4+ Kd6 50. Rd4+ Ke6 51. Re4+ Kf6 52. Rf4+ Kg6 53. Rd4 Rxb2 54. Rd6+ Kg5 55. Rd7 0-1

[Event "Nezhmetdinov Memorial 36th"]
[Site "Kazan"]
[Date "2014.06.08"]
[Round "9"]
[White "Matskevich, Ivan"]
[Black "Davydov, Sergey P"]
[Result "0-1"]
[WhiteElo "2009"]
[BlackElo "2252"]
[PlyCount "84"]
[EventDate "2014.05.31"]
[EventType "swiss"]
[EventRounds "9"]
[EventCountry "RUS"]
[SourceTitle "CBM 160 Extra"]
[Source "ChessBase"]
[SourceDate "2014.07.01"]
[SourceVersion "1"]
[SourceVersionDate "2014.07.01"]
[SourceQuality "1"]

1. e4 d6 2. d4 Nf6 3. Nc3 g6 4. f4 Bg7 5. Nf3 0-0 6. Bd3 Nbd7 7. 0-0 c6 8. h3 e5 9. Be3 Qe7 10. Qd2 b5 11. dxe5 dxe5 12. fxe5 Nxe5 13. Nxe5 Qxe5 14. Qf2 Nd7 15. Rab1 Nb6 16. Ne2 Qc7 17. Nd4 Nd7 18. c3 Ne5 19. Bc2 Bd7 20. Nb3 Be6 21. Bd4 Rfd8 22. a3 f6 23. Nc5 Bf7 24. Kh1 Re8 25. Rbd1 a5 26. Bxe5 Rxe5 27. Rd7 Qb6 28. b4 axb4 29. axb4 Ra7 30. Qf3 Re7 31. Rd6 Qb8 32. Rfd1 Ra1 33. Rd8+ Qxd8 34. Rxa1 f5 35. exf5 Qd2 36. Be4 Bxc3 37. Ra8+ Re8 38. fxg6 hxg6 39. Rxe8+ Bxe8 40. Bxc6 Qe1+ 41. Kh2 Be5+ 42. g3 Bxc6 0-1

[Event "Nezhmetdinov Memorial 36th"]
[Site "Kazan"]
[Date "2014.06.05"]
[Round "6"]
[White "Davydov, Sergey P"]
[Black "Askerov, Marat"]
[Result "0-1"]
[WhiteElo "2252"]
[BlackElo "2085"]
[PlyCount "128"]
[EventDate "2014.05.31"]
[EventType "swiss"]
[EventRounds "9"]
[EventCountry "RUS"]
[SourceTitle "CBM 160 Extra"]
[Source "ChessBase"]
[SourceDate "2014.07.01"]
[SourceVersion "1"]
[SourceVersionDate "2014.07.01"]
[SourceQuality "1"]

1. d4 Nf6 2. c4 e6 3. Nf3 Bb4+ 4. Bd2 Qe7 5. a3 Bxd2+ 6. Qxd2 a5 7. Nc3 d6 8. e4 e5 9. dxe5 dxe5 10. Nd5 Nxd5 11. cxd5 0-0 12. Qc3 Re8 13. h3 c6 14. Rd1 cxd5 15. Rxd5 Be6 16. Rxa5 Rxa5 17. Qxa5 Rc8 18. Qd2 Nd7 19. Be2 Nf6 20. Qe3 Rc2 21. b4 Qc7 22. 0-0 Rc3 23. Qa7 Nxe4 24. Rd1 h6 25. Bd3 Rc1 26. Re1 f5 27. Rxc1 Qxc1+ 28. Kh2 Qf4+ 29. Kg1 Qc1+ 30. Kh2 Qf4+ 31. Kh1 Qc1+ 32. Ng1 Bd5 33. Bxe4 Bxe4 34. f3 Bd3 35. Qb8+ Kh7 36. Qxe5 Qxa3 37. Qd4 b5 38. h4 Qb3 39. Nh3 Qc4 40. Qd6 Bc2 41. Kh2 Qxh4 42. Qd2 Qc4 43. Nf4 Qc7 44. Kh1 Bb3 45. Qd4 Bc4 46. Kg1 Qe7 47. Nh5 Qg5 48. Nf4 Qe7 49. Nh5 Qf7 50. Ng3 Qe6 51. Nh5 Qg6 52. Nf4 Qf7 53. Qc5 Qf6 54. Kf2 Qh4+ 55. g3 Qf6 56. Kg1 Qa1+ 57. Kh2 Qb2+ 58. Ng2 Qc2 59. f4 Qd3 60. Ne3 Qe2+ 61. Kg1 Bd3 62. Nd5 Qd1+ 63. Kh2 Qh5+ 64. Kg1 Be4 0-1

[Event "Nezhmetdinov Memorial 36th"]
[Site "Kazan"]
[Date "2014.06.04"]
[Round "5"]
[White "Demidov, Mikhail"]
[Black "Davydov, Sergey P"]
[Result "1-0"]
[WhiteElo "2512"]
[BlackElo "2252"]
[PlyCount "81"]
[EventDate "2014.05.31"]
[EventType "swiss"]
[EventRounds "9"]
[EventCountry "RUS"]
[SourceTitle "CBM 160 Extra"]
[Source "ChessBase"]
[SourceDate "2014.07.01"]
[SourceVersion "1"]
[SourceVersionDate "2014.07.01"]
[SourceQuality "1"]

1. Nc3 d5 2. e4 d4 3. Nce2 c5 4. Ng3 e5 5. Nf3 Nc6 6. Bc4 Be7 7. 0-0 Nf6 8. d3 a6 9. a4 0-0 10. Bd2 Ne8 11. a5 Bg4 12. h3 Bxf3 13. Qxf3 Bg5 14. Be1 g6 15. Ne2 Ng7 16. g3 Kh8 17. Qg2 f5 18. f4 Bf6 19. Bd2 Qd7 20. Rae1 Rae8 21. fxe5 Bxe5 22. Nf4 Bc7 23. exf5 Rxf5 24. Rxe8+ Qxe8 25. g4 Re5 26. Qf2 Re3 27. Bxe3 dxe3 28. Nxg6+ hxg6 29. Qh4+ Nh5 30. gxh5 Bd8 31. Qf4 Kg7 32. Qf7+ Qxf7 33. Rxf7+ Kh6 34. c3 Nxa5 35. Kf1 b5 36. Bd5 c4 37. dxc4 bxc4 38. Ke2 Bg5 39. hxg6 Kxg6 40. Ra7 Nb3 41. Bxc4 1-0

[Event "Nezhmetdinov Memorial 36th"]
[Site "Kazan"]
[Date "2014.06.03"]
[Round "4"]
[White "Mamyrbay, Assad"]
[Black "Davydov, Sergey P"]
[Result "0-1"]
[WhiteElo "2078"]
[BlackElo "2252"]
[PlyCount "78"]
[EventDate "2014.05.31"]
[EventType "swiss"]
[EventRounds "9"]
[EventCountry "RUS"]
[SourceTitle "CBM 160 Extra"]
[Source "ChessBase"]
[SourceDate "2014.07.01"]
[SourceVersion "1"]
[SourceVersionDate "2014.07.01"]
[SourceQuality "1"]

1. e4 c5 2. Nf3 e6 3. d4 cxd4 4. Nxd4 a6 5. Bd3 Nf6 6. 0-0 d6 7. c4 Nbd7 8. Qe2 Qc7 9. Nc3 Ne5 10. Bd2 Be7 11. Kh1 Nxd3 12. Qxd3 0-0 13. f4 Bd7 14. Rae1 Rfd8 15. e5 Ne8 16. Qe2 Bc6 17. Nxc6 Qxc6 18. Rf3 dxe5 19. fxe5 Rd4 20. b3 Bb4 21. Rh3 f5 22. Bc1 Rg4 23. Rd3 b5 24. cxb5 axb5 25. Bd2 Nc7 26. h3 Rg6 27. Rc1 Qb6 28. a4 Ba3 29. Rc2 b4 30. Rd6 Qc5 31. Qe1 Ne8 32. Rd3 bxc3 33. Rcxc3 Qa7 34. Rc4 Be7 35. Be3 Qb7 36. Qd2 h6 37. b4 Qb8 38. Rd7 Bg5 39. Bxg5 Rxg5 0-1

[Event "Nezhmetdinov Memorial 36th"]
[Site "Kazan"]
[Date "2014.05.31"]
[Round "1"]
[White "Davydov, Sergey P"]
[Black "Kokarev, Dmitry"]
[Result "0-1"]
[WhiteElo "2252"]
[BlackElo "2628"]
[PlyCount "80"]
[EventDate "2014.05.31"]
[EventType "swiss"]
[EventRounds "9"]
[EventCountry "RUS"]
[SourceTitle "CBM 160 Extra"]
[Source "ChessBase"]
[SourceDate "2014.07.01"]
[SourceVersion "1"]
[SourceVersionDate "2014.07.01"]
[SourceQuality "1"]

1. Nf3 g6 2. d4 Nf6 3. c4 Bg7 4. Nc3 0-0 5. e4 d6 6. Bg5 Bg4 7. Be2 Nfd7 8. d5 Nc5 9. Nd4 Bxe2 10. Ndxe2 a5 11. 0-0 Nbd7 12. Rb1 Re8 13. b3 c6 14. a3 Qc7 15. Be3 e6 16. dxc6 bxc6 17. b4 axb4 18. axb4 Nb7 19. Qb3 Reb8 20. Qc2 Ne5 21. Nd1 c5 22. f4 Ng4 23. Bd2 cxb4 24. h3 Nf6 25. Rxb4 d5 26. exd5 Nxd5 27. Rb1 Nd6 28. Rc1 Nb4 29. Bxb4 Rxb4 30. c5 Rc4 31. Qd2 Qxc5+ 32. Nf2 Rc8 33. Kh2 h5 34. Rxc4 Nxc4 35. Qd7 Nb6 36. Qd3 Qe7 37. Ne4 Nd5 38. Rb1 Bh6 39. Qd2 Qc7 40. Rc1 Qxc1 0-1

[Event "Moscow op-A"]
[Site "Moscow"]
[Date "2012.01.29"]
[Round "2"]
[White "Kovalev, Vladislav"]
[Black "Davydov, Sergey P"]
[Result "1-0"]
[WhiteElo "2453"]
[BlackElo "2307"]
[PlyCount "107"]
[EventDate "2012.01.28"]
[EventType "swiss"]
[EventRounds "9"]
[EventCountry "RUS"]
[SourceTitle "CBM 146 Extra"]
[Source "ChessBase"]
[SourceDate "2012.02.29"]
[SourceVersion "1"]
[SourceVersionDate "2012.02.29"]
[SourceQuality "1"]

1. e4 c5 2. Nf3 d6 3. d4 cxd4 4. Nxd4 Nf6 5. Nc3 a6 6. Be3 e6 7. g4 Be7 8. g5 Nfd7 9. h4 Qc7 10. Qd2 Nc6 11. 0-0-0 Nc5 12. f4 Bd7 13. Bh3 b5 14. Nf5 exf5 15. Nd5 Qd8 16. exf5 0-0 17. f6 gxf6 18. gxf6 Bxf6 19. Qg2+ Kh8 20. Nxf6 Qxf6 21. Bxd7 Nxd7 22. Qxc6 Qe6 23. Rhe1 Rfc8 24. Bd4+ Ne5 25. Qe4 f6 26. fxe5 dxe5 27. Kb1 Rc6 28. Bc3 a5 29. Rf1 Re8 30. Qd5 b4 31. Qxe6 Rexe6 32. Bd2 Kg8 33. Bh6 Kf7 34. Rg1 Re7 35. h5 Ke6 36. Rde1 Rc4 37. Bg7 Rh4 38. h6 e4 39. Kc1 f5 40. Rg2 Rd7 41. Rf2 Rh3 42. b3 Rd5 43. Kb2 Rd8 44. a3 Rg3 45. axb4 axb4 46. Ra1 Rd5 47. Ra6+ Kd7 48. Ra7+ Ke8 49. Rb7 e3 50. Re2 Rd2 51. Re1 f4 52. Rxb4 Rf3 53. Be5 Rff2 54. Rc4 1-0

[Event "Privolzhskogo FO-ch"]
[Site "Togliatti"]
[Date "2011.03.13"]
[Round "4"]
[White "Davydov, Sergey P"]
[Black "Talipov, Nafis"]
[Result "1-0"]
[WhiteElo "2325"]
[BlackElo "2105"]
[PlyCount "87"]
[EventDate "2011.03.10"]
[EventType "swiss"]
[EventRounds "9"]
[EventCountry "RUS"]
[SourceTitle "CBM 141 Extra"]
[Source "ChessBase"]
[SourceDate "2011.05.03"]
[SourceVersion "1"]
[SourceVersionDate "2011.05.03"]
[SourceQuality "1"]

1. e4 c6 2. d4 d6 3. c4 e5 4. Nf3 Nd7 5. Nc3 Ngf6 6. Be2 Be7 7. 0-0 0-0 8. d5 a5 9. Qc2 Ne8 10. a3 g6 11. Bh6 Ng7 12. Rad1 f5 13. dxc6 bxc6 14. c5 Nxc5 15. Nxe5 Qc7 16. Bc4+ Be6 17. Bxe6+ Ncxe6 18. Qb3 Rf6 19. Nf3 Kh8 20. Rfe1 Nc5 21. Qc2 fxe4 22. Nxe4 Nxe4 23. Bxg7+ Kxg7 24. Qxe4 Rf7 25. Nd4 Qb7 26. Qxc6 Rb8 27. Re2 Qb6 28. a4 Qb4 29. g3 Bf8 30. b3 Kg8 31. Qd5 Qc5 32. Qe6 Rbb7 33. Nb5 Rbe7 34. Qg4 Re5 35. Rdd2 Ref5 36. Nd4 Rd5 37. Kg2 Re5 38. Rxe5 dxe5 39. Nf3 Qc6 40. Re2 Qc3 41. Nxe5 Rf5 42. Qc4+ Qxc4 43. Nxc4 Bb4 44. Re5 1-0

[Event "Moscow op-A"]
[Site "Moscow"]
[Date "2009.02.05"]
[Round "6"]
[White "Gurkin, Anton"]
[Black "Davydov, Sergey P"]
[Result "0-1"]
[WhiteElo "2185"]
[BlackElo "2342"]
[PlyCount "46"]
[EventDate "2009.01.31"]
[EventType "swiss"]
[EventRounds "9"]
[EventCountry "RUS"]
[SourceTitle "EXT 2022"]
[Source "ChessBase"]
[SourceDate "2021.10.06"]
[SourceVersion "1"]
[SourceVersionDate "2021.10.06"]
[SourceQuality "1"]

1. e4 c5 2. b4 cxb4 3. a3 bxa3 4. d4 e6 5. c3 d5 6. e5 Qc7 7. Bd3 Nc6 8. Nxa3 Nxe5 9. Nb5 Nxd3+ 10. Qxd3 Qb8 11. Ne2 Bd6 12. Qe3 Ne7 13. Qg5 Ng6 14. Nxd6+ Qxd6 15. Ba3 Qc7 16. 0-0 f6 17. Qh5 Kf7 18. f4 Bd7 19. Rf3 Bb5 20. Ng3 Rad8 21. Re1 Rhe8 22. Nh1 Kg8 23. Rh3 Qxf4 0-1

[Event "Moscow op-A"]
[Site "Moscow"]
[Date "2009.02.04"]
[Round "5"]
[White "Davydov, Sergey P"]
[Black "Krylov, Mikhail"]
[Result "0-1"]
[WhiteElo "2342"]
[BlackElo "2459"]
[PlyCount "62"]
[EventDate "2009.01.31"]
[EventType "swiss"]
[EventRounds "9"]
[EventCountry "RUS"]
[SourceTitle "EXT 2022"]
[Source "ChessBase"]
[SourceDate "2021.10.06"]
[SourceVersion "1"]
[SourceVersionDate "2021.10.06"]
[SourceQuality "1"]

1. d4 Nf6 2. c4 g6 3. Nc3 Bg7 4. e4 d6 5. Nf3 0-0 6. h3 e5 7. d5 a5 8. Bg5 c6 9. Qd2 a4 10. Bd3 Nbd7 11. 0-0 Nc5 12. Bc2 cxd5 13. Bxf6 Bxf6 14. Nxd5 Bg7 15. b4 axb3 16. axb3 Rxa1 17. Rxa1 Be6 18. b4 Na6 19. Ra5 Kh8 20. Rb5 Qc8 21. Bb3 h6 22. Qe3 Nc7 23. Rb6 Bxd5 24. exd5 Rd8 25. c5 dxc5 26. Qxc5 e4 27. Nd2 Qa8 28. Qxc7 Rc8 29. Qxf7 e3 30. Rxg6 Qa1+ 31. Nb1 exf2+ 0-1

[Event "Wch Seniors 18th"]
[Site "Bad Zwischenahn"]
[Date "2008.11.04"]
[Round "8"]
[White "Uhlmann, Wolfgang"]
[Black "Davydov, Sergey P"]
[Result "1-0"]
[WhiteElo "2417"]
[BlackElo "2347"]
[PlyCount "57"]
[EventDate "2008.10.28"]
[EventType "swiss"]
[EventRounds "11"]
[EventCountry "GER"]
[SourceTitle "EXT 2009"]
[Source "ChessBase"]
[SourceDate "2008.11.26"]
[SourceVersion "1"]
[SourceVersionDate "2008.11.26"]
[SourceQuality "1"]

1. c4 c5 2. Nf3 Nf6 3. Nc3 e6 4. g3 b6 5. Bg2 Bb7 6. d4 cxd4 7. Qxd4 d6 8. 0-0 Be7 9. e4 a6 10. Qe3 Nbd7 11. Nd4 Qc7 12. b3 0-0 13. Bb2 Rac8 14. h3 Rfe8 15. Rfe1 Qb8 16. Rad1 h6 17. Kh1 Nc5 18. Qe2 Qa8 19. Kh2 Bd8 20. Nc2 Bc7 21. f4 b5 22. b4 Ncd7 23. cxb5 axb5 24. Nxb5 Qxa2 25. Bxf6 Ba6 26. Ra1 Bxb5 27. Qxb5 Qxc2 28. Qxd7 gxf6 29. Rec1 1-0

[Event "Wch Seniors 18th"]
[Site "Bad Zwischenahn"]
[Date "2008.11.03"]
[Round "7"]
[White "Schirmer, Werner"]
[Black "Davydov, Sergey P"]
[Result "0-1"]
[WhiteElo "2069"]
[BlackElo "2347"]
[PlyCount "64"]
[EventDate "2008.10.28"]
[EventType "swiss"]
[EventRounds "11"]
[EventCountry "GER"]
[SourceTitle "EXT 2009"]
[Source "ChessBase"]
[SourceDate "2008.11.26"]
[SourceVersion "1"]
[SourceVersionDate "2008.11.26"]
[SourceQuality "1"]

1. e4 c5 2. Nf3 e6 3. d4 cxd4 4. Nxd4 a6 5. Bd3 Nf6 6. 0-0 d6 7. Nc3 Be7 8. Be3 Qc7 9. Kh1 b5 10. a3 Bb7 11. f4 Nbd7 12. Nb3 0-0 13. Qe1 Rac8 14. Qg3 d5 15. e5 Ne4 16. Bxe4 dxe4 17. Bd4 Nc5 18. Rae1 Nxb3 19. cxb3 Rfd8 20. Qe3 Qc6 21. Ne2 b4 22. f5 exf5 23. Rxf5 Qg6 24. Rf2 Bh4 25. g3 Bg5 26. Nf4 Bxf4 27. Rxf4 Rxd4 28. Qxd4 e3+ 29. Kg1 Qc6 30. Re4 Qxe4 31. Qxe4 Bxe4 32. Rxe3 Bf5 0-1

[Event "RUS-ch Seniors"]
[Site "Odintsovo"]
[Date "2008.10.02"]
[Round "1"]
[White "Davydov, Sergey P"]
[Black "Turov, Vladimir"]
[Result "1/2-1/2"]
[WhiteElo "2347"]
[BlackElo "2131"]
[PlyCount "73"]
[EventDate "2008.10.02"]
[EventType "swiss"]
[EventRounds "9"]
[EventCountry "RUS"]
[SourceTitle "CBM 127 Extra"]
[Source "ChessBase"]
[SourceDate "2009.01.08"]
[SourceVersion "2"]
[SourceVersionDate "2009.01.28"]
[SourceQuality "1"]

1. Nf3 d5 2. d4 Nf6 3. c4 e6 4. Nc3 Be7 5. cxd5 exd5 6. Bg5 0-0 7. e3 c6 8. Qc2 Nbd7 9. Bd3 Re8 10. 0-0 Nf8 11. Rab1 Bg4 12. Ne5 Bh5 13. b4 a6 14. a4 N6d7 15. Bf4 Nxe5 16. Bxe5 Bd6 17. Bxd6 Qxd6 18. Qb3 Bg6 19. Bxg6 hxg6 20. b5 axb5 21. axb5 Ra3 22. Qb2 Rea8 23. bxc6 bxc6 24. Rfc1 Nd7 25. h3 Rb8 26. Qc2 Nb6 27. e4 Raa8 28. exd5 Nxd5 29. Ne4 Qf4 30. g3 Qf5 31. Rxb8+ Rxb8 32. Nd6 Qxc2 33. Rxc2 Ne7 34. Nc4 Rd8 35. Ne5 Rxd4 36. Nxc6 Nxc6 37. Rxc6 1/2-1/2

[Event "Chigorin Memorial-A 14th"]
[Site "St Petersburg"]
[Date "2006.10.30"]
[Round "9"]
[White "Davydov, Sergey P"]
[Black "Timofeev, Andrei"]
[Result "1-0"]
[WhiteElo "2301"]
[BlackElo "2344"]
[PlyCount "129"]
[EventDate "2006.10.23"]
[EventType "swiss"]
[EventRounds "9"]
[EventCountry "RUS"]
[SourceTitle "EXT 2007"]
[Source "ChessBase"]
[SourceDate "2006.11.23"]
[SourceVersion "1"]
[SourceVersionDate "2006.11.23"]
[SourceQuality "1"]

1. Nf3 d5 2. g3 c6 3. Bg2 Nf6 4. 0-0 Bf5 5. d3 Qc8 6. Re1 Bh3 7. Bh1 h5 8. e4 Bg4 9. e5 Ng8 10. c4 dxc4 11. dxc4 h4 12. Nbd2 hxg3 13. fxg3 Na6 14. Ne4 Bf5 15. e6 Bxe6 16. Nfg5 Qd7 17. Nxe6 Qxd1 18. Rxd1 fxe6 19. Ng5 Nf6 20. Nxe6 g6 21. b4 Rc8 22. Rb1 Nc7 23. Nc5 b6 24. Bxc6+ Kf7 25. Nd3 Bh6 26. Ne5+ Kg7 27. Bg2 Nce8 28. Nc6 Rc7 29. c5 Ng4 30. Nd8 Kh7 31. Ne6 Rc8 32. Rd7 Ng7 33. Bxh6 Kxh6 34. Nxg7 Kxg7 35. Rxe7+ Kf6 36. Re4 Nxh2 37. c6 g5 38. b5 g4 39. Rf4+ Ke6 40. Re1+ Kd6 41. Rd1+ Ke6 42. Re4+ Kf6 43. Rd6+ Kf5 44. Rde6 Nf3+ 45. Bxf3 gxf3 46. Kf2 Kg5 47. Kxf3 Rhf8+ 48. Rf4 Rfd8 49. Rfe4 Rf8+ 50. Ke3 Rf1 51. a4 Ra1 52. R6e5+ Kf6 53. Re6+ Kg5 54. Kf3 Rf8+ 55. Kg2 Rg8 56. c7 Rc1 57. Rc6 Rxc6 58. bxc6 Rc8 59. Re7 Kg4 60. Kf2 a6 61. Ke3 Kf5 62. Rd7 Ke6 63. Kd4 b5 64. axb5 axb5 65. Kc5 1-0